Erkenne die Animal Crossing Nachbarn! - Statistiken

Allgemein
  • Dieses Quiz wurde 17 mal gespielt
  • Das Durchschnittsergebnis liegt bei 40 aus 145
Antwortstatistiken
Bildquiz Antwort % Korrekt
Bienchen
75%
Dörte
63%
Koko
63%
Apollo
56%
Bella
56%
Gunnar
56%
Huschke
56%
Mona
56%
Pietro
56%
Benjamin
50%
Hasso
50%
Jens
50%
Jimmy
50%
Kleo
50%
Martin
50%
Toro
50%
Anette
44%
Claudia
44%
Dominik
44%
Doris
44%
Doro
44%
Felix
44%
Kong
44%
Lilly
44%
Marion
44%
Nele
44%
Rosa
44%
Toni
44%
Zara
44%
Anne
38%
Bill
38%
Elisa
38%
Erik
38%
Hugo
38%
Katharina
38%
Nico
38%
Noisette
38%
Roland
38%
Siggi
38%
Sophie
38%
Steffen
38%
Tanja
38%
Thomas
38%
Anton
31%
Dorothea
31%
Elfi
31%
Emma
31%
Frauke
31%
Günther
31%
Hilda
31%
Jule
31%
Julia
31%
Knuspi
31%
Liliane
31%
Mira
31%
Misuzu
31%
Pamela
31%
Philip
31%
Pullunda
31%
Sandra
31%
Silke
31%
Viviane
31%
Ali
25%
Annalena
25%
Clemens
25%
Dieter
25%
Erika
25%
Gaston
25%
Hauke
25%
Heinrich
25%
Jan
25%
Kokong
25%
Lotta
25%
Lutz
25%
Olaf
25%
Patricia
25%
Paul
25%
Philippa
25%
Pia
25%
Pit
25%
Prinz
25%
Quentin
25%
Trita
25%
Viktor
25%
Wilma
25%
Adelheid
19%
Adrian
19%
Andrea
19%
Anna
19%
Birgit
19%
Brigitte
19%
Dietmar
19%
Fritz
19%
Hans
19%
Heinz
19%
Herbert
19%
Heribert
19%
Isabella
19%
Julian
19%
Karen
19%
Katrin
19%
Leon
19%
Miezi
19%
Pingi
19%
Simon
19%
Tatjana
19%
Ursula
19%
Wolli
19%
Benni
13%
Bernd
13%
Biggi
13%
Bonni
13%
Boyd
13%
Frederik
13%
Ingo
13%
Kalle
13%
Karl
13%
Kevin
13%
Leonardo
13%
Maren
13%
Maria
13%
Marina
13%
Mathilda
13%
Max
13%
Michael
13%
Pierre
13%
Regina
13%
Sabine
13%
Stefan
13%
Theo
13%
Tim
13%
Ute
13%
Alex
6%
Armin
6%
Gabi
6%
Gisela
6%
Helge
6%
Hilde
6%
Jörg
6%
Karin
6%
Klaus
6%
Picko
6%
Steve
6%
Achim
0%
Dora
0%
Keine übereinstimmenden Quizze gefunden
Verteilung der Resultate
Anzahl Personen mit jedem Resultat
Perzentil nach korrekt beantworteten Fragen
Ihre Resultats-Entwicklung
Sie haben dieses Quiz noch nicht gespielt